000 00620nam a22002177a 4500
003 UA-OsUOA
001 97337
007 ta
008 20130328b un ||||| |||| 00| 0 ukr d
090 _a821.113.5
942 _cBK
040 _aUA-OsUOA
_brus
_cUA-OsUOA
_dUA-OsUOA
245 _aНорвежская новелла ХІХ-ХХ веков
300 _a446 с.
955 _a3
041 _arus
080 _a821.113.5
260 _aЛенинград
_bХудожественная литература
_c1974
650 7 _a82 Література. Літературознавство
_2UDC
999 _c383584
_d383584